Principes et pratiques du droit commercial

Kaydedildi:
Detaylı Bibliyografya
Yazar: Lemeunier, Francis (Yazar)
Materyal Türü: Kitap
Dil:Fransızca
Baskı/Yayın Bilgisi: París DELMAS 1968
Seri Bilgileri:Ce qu'il vous faut savoir
Konular:
Etiketler: Etiketle
Etiket eklenmemiş, İlk siz ekleyin!

MARC

LEADER 00000nam a2200000 a 4500
001 UCS3303
003 CL-VaPUC
008 970620e19680000FR |||||||||||||||||fre|d
082 0 4 |a 346.06  |b LEM  |2 21 
100 0 |a Lemeunier, Francis  |e author  |9 389313 
245 1 0 |a Principes et pratiques du droit commercial 
300 |a pag. irreg. 
942 |c BK 
945 |d 19970620 00:00:00  |a lriquelm 
260 |a París  |b DELMAS  |c 1968 
500 |a incluye 2 cuadernillos  
650 0 |a Derecho comercial   |9 256340 
650 0 |a Comerciantes  |9 267878 
650 7 |a LEGISLACION  |2 CL-VaPUC  |9 389314 
650 0 |a Sociedades comerciales   |9 257290 
650 0 |a Contratos de transporte  |9 389315 
650 0 |a Contratos comerciales  |9 374028 
650 0 |a Derecho marítimo  |9 255301 
650 0 |a Operaciones bancarias   |9 337857 
650 7 |a TRIBUNALES COMERCIALES  |2 CL-VaPUC  |9 387077 
583 |a last modification  |c 19970620 00:00:00  |k Rodrigo Vera 
490 0 |a Ce qu'il vous faut savoir 
999 |c 261044  |d 261042 
952 |0 0  |1 0  |4 0  |6 346_060000000000000_LEM_1968  |7 0  |8 A  |9 287816  |a BIBDER  |b BIBDER  |d 2019-11-19  |i 1866885  |o 346.06 LEM 1968  |p 1866885  |r 2023-01-25  |w 2019-11-19  |y BK  |k DER